000 01179naa a22002897a 4500
001 BR7100135
003 BR-BrBNA
005 20240918173416.0
007 ta
008 230509b bl.||||| |||| 00| 0 por d
040 _aBR-BrBNA
_bpor
_cBiblioteca Nacional de Agricultura
041 _a(En)
072 _aP34; F61
_b0336
090 _aP34 BR7100135
100 1 _aBergersen, F.J.
111 1 _aSeminario sobre Metodologia e Planejamento de Pesquisa com Leguminosas Tropicais
_cCampos, RJ (Brazil)
_d25 Jul 1970
245 1 _aProperties of nitrogenase from soybean nodules [soja, nodulo, nitrogenase, bacteria]
260 3 _aBrasilia, DF (Brasil):
_c1971.
500 _aDobereiner, J.; Eira, P.A da; Franco, A.A.; Campelo, A.B. (eds.) As leguminosas na agricultura tropical Brasilia, DF (Brasil): 1971. p. 115-121 (BR7100135-AM)P34
650 _aSOJA
650 _aNODULO
650 _aNITROGENIO
650 _aNITROGENASE
773 0 _tAs leguminosas na agricultura tropical
_aDobereiner, J.; Eira, P.A da; Franco, A.A.; Campelo, A.B. (eds.)
_wP34 BR7100135
_gBrasilia, DF (Brasil), 1971. p. 115-121
909 _a202404
_bLucia
_c55
_dLucia Elande
942 _cAM
_2AGRIS
999 _c304448
_d304448